000 00639nab a2200193 4500
001 244442
003 OSt
005 20230726121354.0
007 tu
008 200917s2020|||||||
040 _aDE-2950
_cDE-2950
245 0 0 _aGlocken-Trio eingetroffen..
_bGeläut. Die St. Marienkirche in Frankfurt hat ihre ursprüngliche Ausstattung wieder. Bürger und Firmen aus der Stadt machten das möglich/
_cInes Weber-Rath
264 _c2023
653 _a'Frankfurt (Oder)
653 _aMarienkirche
653 _aGlocken-Trio
773 0 _g34. Jahrgang (2023) Nr. 154 vom 05.07.2023, S. 13 , mit Foto
_tMärkische Oderzeitung
942 _2z
_cA
999 _c372626
_d372626